000 00623nam a2200229Ia 4500
003 OSt
005 20220918203422.0
006 a|||||r|||| 00| 0
007 ta
008 220917b |||||||| |||| 00| 0 eng d
024 _a108,161
037 _cTextual
040 _aARTS
_cARTS
_beng
041 _2eng
_aeng
082 _aV431:1:N5, K0
100 _aO'Daniel John W
_9108477
245 0 _aNational that refused to starve
_b The challenge of the New Vietnam
260 _aNA
_bNA
_c1960
650 _aHISTORY
942 _hV431:1:N5, K0
_cTEXL
_2CC
999 _c231515
_d231515